Podnikal som s eštebákmi Kniha druhá Ako si eštebáci JUDr. Július Jánošík a Mgr. Štefan Gombík užívajú nakradnutého majetku

Bibliographic Details
Main Author: Vilhelm, Daniel (Author)
Format: Book
Language:Slovak
PhysicalDescription:351 strán faksimile 21 cm
Published: Bratislava Daniel Vilhelm 2011
ISBN:9788097096670
Edition:1. vydanie
Subjects:

MARC

LEADER 00000cam a2200000 b4500
001 vtls010333117
003 SK-MaSNL
005 20260301173436.0
008 220509s2011 xo ha gr 000 0dslo
015 |a SNBA2021/03 
020 |a 9788097096670  |q (viazané) 
035 |a urn:nbn:sk:snk-am00gksx 
035 |a urn:nbn:sk:snk-am3j65e 
035 |a 396F078D-BED4-428A-8035-0CBFE99FA48B 
040 |a SNK  |b slo  |c SNK  |e rda 
041 0 |a slo 
044 |a xo  |c SK 
072 7 |a 658  |x Riadenie a správa podniku  |2 konspekt 
080 |a 658.114  |2 2011 
080 |a 658.114-051  |2 2011 
080 |a 343.7  |2 2011 
080 |a (0:82-94)  |2 2011 
100 1 |a Vilhelm, Daniel  |4 aut  |9 278561 
245 1 0 |a Podnikal som s eštebákmi  |n Kniha druhá  |p Ako si eštebáci JUDr. Július Jánošík a Mgr. Štefan Gombík užívajú nakradnutého majetku  |c Daniel Vilhelm 
246 3 0 |a Ako si eštebáci JUDr. Július Jánošík a Mgr. Štefan Gombík užívajú nakradnutého majetku 
250 |a 1. vydanie 
264 1 |a Bratislava  |b Daniel Vilhelm  |c 2011 
300 |a 351 strán  |b faksimile  |c 21 cm 
336 |a text  |b txt  |2 rdacontent 
337 |a bez média  |b n  |2 rdamedia 
338 |a zväzok  |b nc  |2 rdacarrier 
610 1 7 |a Československo.  |b Štátna bezpečnosť  |2 SNKKA  |9 165034 
648 7 |a 20.-21. storočie  |2 SNKPH  |9 302531 
648 7 |a 20th -21st centuries  |2 SNKPHeng  |9 544337 
650 0 7 |a podnikanie  |2 SNKPH  |9 1757 
650 0 7 |a podnikatelia  |2 SNKPH  |9 1756 
650 0 7 |a majetkové trestné činy  |2 SNKPH  |9 4577 
650 0 7 |a majetková kriminalita  |2 SNKPH  |9 79349 
650 0 7 |a Business  |2 SNKPHeng  |9 268171 
650 0 7 |a Businessmen  |2 SNKPHeng  |9 275440 
650 0 7 |a Offences against property  |2 SNKPHeng  |9 340570 
650 0 7 |a spomienky  |2 SNKPH  |9 55795 
655 7 |a Reminiscences  |2 SNKPHeng  |9 93477 
919 |a 978-80-970966-7-0 
999 |c 836664  |d 838594 
952 |a SNK  |b SNK  |y PREZ  |7 0  |p 17A1425019  |o snkSC 179483/2  |i snk2020/7419  |8 3  |g 3.15  |0 0  |1 0  |4 0  |d 2020-05-12  |f 1  |l 0  |r 2026-02-24 03:57:05  |w 2026-02-24 
952 |a SNK  |b SNK  |y VYP  |7 0  |p 17A1425018  |o snkSC 179483/2 D1  |i snk2020/7420  |8 3  |g 3.15  |0 0  |1 0  |4 0  |d 2020-05-12  |l 0  |r 2026-02-24 03:57:05  |w 2026-02-24